Niemcy - quiz wielokrotnego wyboru - Statystyki

Ogólne statystyki
  • Ten quiz został rozwiązany 2 372 razy
  • Średni wynik to 10 z 15
Statystyki odpowiedzi
Zagadnienie Odpowiedź % Poprawnych
Która z tych firm motoryzacyjnych nie posiada siedziby w Niemczech? Jaguar
97%
Która z flag tych państw jest najbardziej podobna do flagi Niemiec? Belgia
92%
Co to jest currywurst? Kiełbasa wieprzowa z ketchupem curry
90%
Którego z poniższych znaków nie widziałbyś w piśmie w języku niemieckim? ø
90%
Co to jest Bundestag? Parlament Niemiec
85%
Które miasto uważane jest za finansową stolicę Niemiec? Frankfurt
75%
Co to jest Neuschwanstein? Zamek
71%
Czym była Liga Hanzeatycka? Organizacja miast handlowych wzdłuż Morza Północnego i Bałtyckiego
67%
Które z tych miast leżało w Niemczech Wschodnich? Lipsk
66%
Co oznacza słowo „zeitgeist”? Duch czasu
62%
Która z podanych osób nie była kanclerzem Niemiec? Uwe Boll
59%
Jaki procent ludności Niemiec w 1989 r. mieszkał w Niemczech Wschodnich? 20
55%
Z umiejętności w jakiej dziedzinie słynie Carl Friedrich Gauss? Matematyki
54%
Która z poniższych rzeczy nie została wynaleziona lub odkryta w Niemczech Czołgi
34%
Z czego słynie Carl von Clausewitz? Teorii wojskowej
33%
Nie znaleziono quizów pasujących do podanych kryteriów
Rozkład punktacji
Procent ludzi z każdym wynikiem
Percentyl według liczby udzielonych odpowiedzi
Twoja historia wyników
Nie rozwiązałeś tego quizu